000 00744nam a22002177a 4500
003 BD-DhUL
005 20211031153927.0
008 161016s2021 bg a|||| |||| 000 0 ben
020 _a9789847766591 (hbk)
040 _aBD-DhUL
_cBD-DhUL
082 _a891.443
_bHAD
100 1 _aহামিদ, হাসান
245 0 0 _aদাগাল /
_cহাসান হামিদ ।
260 _aঢাকা :
_bঐতিহ্য,
_c২০২১ ।
300 _a১৬০ পৃ. ;
_c২২ সেমি.
365 _aBDT
_b300.00
504 _aগ্রন্থপঞ্জিগত তথ্য সংবলিত ।
650 4 _aবাংলা উপন্যাস ।
650 4 _aBengali fiction.
942 _2ddc
_cBK
999 _c254529
_d254529